00761nam a2200289Ia 4500008004100000020001800041050001400059100002200073245003300095245006400128260002500192260001600217260000900233300001500242300002800257300001000285440002000295500000900315650002200324650001000346650002500356650002600381650001300407700001200420700002800432700001100460190123s9999 xx 000 0 und d a9780545389334 bG812 2010 aGreene, Stephanie 8aAnd the first grade parade / 0cby Stephanie Greene ; illustrated by Stephanie Roth Sisson. aNew York, New York : bScholastic, c2010 a83 pages : bcolored illustrations ; c19cm. aPrincess Posey. a380L aChildren's plays. aFear. aFirst day of school. aJealousy in children. aSchools. aSeries. aSisson, Stephanie Roth. aTitle.